Journal of black culture and international understanding (Record no. 38359)

MARC details
000 -LEADER
fixed length control field 00525nam a2200169Ia 4500
022 ## - INTERNATIONAL STANDARD SERIAL NUMBER
ISSN 24889121
050 ## - CALL MARK
Classification number HQ 281 .B53/
245 #0 - TITLE STATEMENT
Title Journal of black culture and international understanding
260 ## - PUBLICATION, DISTRIBUTION, ETC. (IMPRINT)
Place of publication Nigeria
260 ## - PUBLICATION, DISTRIBUTION, ETC. (IMPRINT)
Name of publisher Centre for black culture and international understanding osogbo
260 ## - PUBLICATION, DISTRIBUTION, ETC. (IMPRINT)
Year of publication 2015
300 ## - PHYSICAL DESCRIPTION
Number of Pages v, 152 p. :ill ; 29 cm.
650 ## - SUBJECT ADDED ENTRY--TOPICAL TERM
Topical Term Campaign against sex trafficking and across border sex trade
942 ## - ADDED ENTRY ELEMENTS (KOHA)
Koha item type Serials

No items available.